00478nam a2200145 a 4500008004100000020001800041050001900059100002200078245009700100260003600197300001400233350001000247650002900257650004600286160516s2010 ||||||||||||||||| || u a9781847423481 aHV 9345.A5 Whi aWhitehead, Philip10aExploring modern probation: social theory and organizational complexitycBy Philip Whitehead aBristolbThe Policy Pressc2010 axi, 186p. a41.95 aPROBATION--GREAT BRITAIN aGREAT BRITAIN--PROBATION SERVICE DIVISION